000 00361nam a2200157Ia 4500
003 Ost
005 20260225132545.0
008 260225s9999||||xx |||||||||||||| ||und||
040 _cfsic
041 _afre
082 _a440
100 _aMouhamed hanou
_eAuteur
245 0 _aIinformation 419 programmes Basic /
245 0 _cMouhamed hanou
942 _cكتاب
999 _c33794
_d33794